Responses for show #1775 - Friday, April 24, 1992

Contestants

Jan Jarvies, an actuarial analyst from Clementon, New Jersey

Sean Devitt, an estimator and actor originally from Minneapolis, Minnesota

Michael Brossette, a landscaper from Arabi, Louisiana (whose 1-day cash winnings total $7,599)

Jeopardy! Round responses

SEATTLE
COSMETICS & PERFUME
THE VOICE
WORLD LITERATURE
TRANSPORTATION
MUSICAL NOBILITY
    $100 1
rain

Michael
    $100 26
Moon

Jan
    $100 15
frogs

Michael
    $100 3
Chaucer

Sean
    $100 10
a moped

Michael
    $100 21
Count Basie

Jan
    $200 2
(Michael: What is Oz?)

(the) Emerald City

MichaelSean
    $200 27
the blue hour

Triple Stumper
    $200 16
ventriloquism

Jan
    $200 4
English

Triple Stumper
    $200 11
Conestoga wagons

Jan
    $200 22
Aretha Franklin

Michael
    $300 7
the Space Needle

Jan
    $300 28
(Alex: The designer, yes.)

Claude Montana

Sean
    $300 17
town crier

Sean
    $300 5
(Sean: What is the Gilgamesh?)
(Michael: What is the Veda?)

the Mahabharata

MichaelSean
Triple Stumper
    $300 12
electricity

Jan
    $300 23
(Jan: Who's Benny Goodwin?)

Benny Goodman

SeanJan
    $400 8
Puget Sound

Jan
    $400 29
(George) Hamilton

Sean
    $400 19
vocal cords

Sean
    $400 6
Tolstoy

Jan
    $400 13
Cincinnati

Jan
    $400 24
Bobby Vinton

Jan
    $600 9
the Olympics & the Cascades

Jan
    $500 30
Elizabeth Taylor

Triple Stumper
    $500 20
vox populi

Michael
    $500 18
The Tin Drum

Triple Stumper
    $500 14
(Sean: What is Honda?)

Toyota

SeanJan
    $500 25
Bessie Smith

Triple Stumper

Scores at the first commercial break (after clue 14):

Michael Sean Jan
-$300 -$500 $3,100

Scores at the end of the Jeopardy! Round:

Michael Sean Jan
$500 $1,200 $3,600

Double Jeopardy! Round responses

ARTISTS
FAMOUS ALICES
PROVERBS
THE ARCTIC
SAINTS
ANCIENT ROME
    $200 4
(Sean: Uh...)
(Alex: Hurry!)

pop art

Sean
Triple Stumper
    $200 1
Alice in Wonderland

Jan
    $200 8
music

Jan
    $200 13
St. Dominic

Jan
    $200 21
(Alex: We have less than a minute to go.)

the Forum

Sean
    $400 5
(Paul) Gauguin

Jan
    $400 2
Alice Roosevelt

Jan
    $400 9
vinegar

Triple Stumper
    $400 14
(St.) Bernadette

Sean
    $600 15
a Staircase

Sean
    $600 3
(Alice B.) Toklas

Sean
    $600 10
Laugh, and the world laughs with you

Jan
    $600 18
(Jan: Who is St. Vitus?)
...
(Alex: [*]'s fire.)

St. Elmo

SeanJan
    $600 22
the kitchen

Sean
    $1,500 16
(Sean: Uh... $3,000.)
(Alex: You can only wager what you have, unless you have less than $1,000.)
(Sean: Uh, let's go with $1,500.)
(Alex: $1,500. All right, that's less than what you have.)
[Laughter]
...
(Alex: And frankly, now that you have come up with that correct response, I don't blame you for trying to wager more than you had.)
[Laughter]

Botticelli

Sean
    $800 6
Alice Walker

Michael
    $800 11
love flies out the window

Triple Stumper
    $800 25
Greenland

Triple Stumper
    $800 19
school teachers

Triple Stumper
    $2,000 23
(Alex: You have the lead at $6,500; you can risk any or all of that, but not more than that.)
[Laughter]

Augustus (Caesar) (Octavius)

Sean
    $1000 17
Winslow Homer

Sean
    $1000 7
(Alex: We have a number of senior citizens in our audience and I'm sure each & every one of them know the correct response is [*].)

Alice Faye

Triple Stumper
    $1000 12
(Michael: What is loved?)
(Jan: What is rich?)
...
(Alex: Much better to be loved, I would say, though.)

pitied

MichaelJan
Triple Stumper
    $1000 26
(Jan: Who is Narrows?)
...
[The end-of-round signal sounds.]

John Barrow

Jan
Triple Stumper
    $1000 20
(St. Thomas) More

Michael
    $1000 24
(Jan: Who is Julius Caesar?)

Caligula

Jan
Triple Stumper

Scores at the end of the Double Jeopardy! Round:

Michael Sean Jan
$1,300 $8,500 $2,000
(lock game)

[wagering suggestions for these scores]

Final Jeopardy! Round responses

VICE PRESIDENTS
(Alex: On this clue I think you were a lot safer sticking with recent vice presidents.)
MichaelWho is Bush & Nixon?
$1,000
JanWho are Bush & John Adams?
$601
SeanWho are Adams & Nixon
$2,000
(2 of) Adams, Nixon, Bush, Tompkins (Monroe's), Marshall (Wilson's) or Garner (FDR's 1st & 2nd terms)

Final scores:

Michael Sean Jan
$2,300 $10,500 $2,601
3rd place: Vivitar 320Z camera & Nintendo Entertainment System with Super Jeopardy! & Wheel of Fortune + InfoGenius for Game Boy New champion: $10,500 2nd place: Mastervoice home automation system & Sanyo cordless telephone

Game dynamics:

Coryat scores:

Michael Sean Jan
$1,300 $6,600 $1,900
7 R,
3 W
16 R
(including 2 DDs),
3 W
18 R
(including 1 DD),
5 W

Combined Coryat: $9,800

The J! Archive is created by fans, for fans. The Jeopardy! game show and all elements thereof, including but not limited to copyright and trademark thereto, are the property of Jeopardy Productions, Inc. and are protected under law. This website is not affiliated with, sponsored by, or operated by Jeopardy Productions, Inc. Join the discussion at JBoard.tv.